| 000 | 00555nam a22001817a 4500 | ||
|---|---|---|---|
| 003 | CEME | ||
| 005 | 20210628202956.0 | ||
| 008 | 210126b xxu||||| |||| 00| 0 eng d | ||
| 020 | _a1-84628-055-9 | ||
| 040 | _c. | ||
| 082 | _a629.89 LAN | ||
| 100 |
_aLandau, Ioan .D Zito, Gianluca _962667 |
||
| 245 | _aDigital control systems design, identification and implementation | ||
| 260 |
_aNEW YORK _bSPRINGER _c2006 |
||
| 300 | _aXXI,484 P | ||
| 650 |
_aDIGITAL CONTROL SYSTEMS, DIGITAL CONTROL SYSTEMS- DESIGN AND CONSTRUCTION _962668 |
||
| 942 |
_cBK _2ddc |
||
| 999 |
_c571706 _d571706 |
||